000 00361nam a2200145Ia 4500
008 230917s9999||||xx |||||||||||||| ||und||
040 _e148058
_aMAIN
041 _aEnglish
082 _a537 F854C
100 _aFranklin, Jerrold
245 0 _aClassical electromagnetism
260 _aNew Delhi
_bPearson Education
_c2007
300 _a485p. p.
942 _cBK
999 _c150021
_d150021